[Event "EOC-ch-Final 2021"]
[Site "Online"]
[Date "2021.03.30"]
[Round "4.7"]
[White "Wojtaszek, Radoslaw"]
[Black "Timofeev, Artyom"]
[Result "1-0"]
[WhiteElo "2705"]
[BlackElo "2594"]
[PlyCount "101"]
[EventDate "2021.03.30"]
[EventType "team-tourn"]
[EventCountry "NET"]
[SourceTitle "playchess.com"]
[Source "ChessBase"]
[SourceQuality "1"]

1. d4 d5 2. c4 dxc4 3. e4 Nc6 4. Nf3 Bg4 5. d5 Ne5 6. Nc3 Nf6 7. Be3 a6 8. h3
Bxf3 9. gxf3 e6 10. f4 Nd3+ 11. Bxd3 cxd3 12. dxe6 fxe6 13. Qb3 Qc8 14. e5 Nh5
15. f5 c5 16. Qd1 g6 17. fxg6 hxg6 18. Qxd3 Qd7 19. Qxg6+ Qf7 20. Qxf7+ Kxf7
21. O-O-O Bh6 22. Rd7+ Kg6 23. Rg1+ Kf5 24. Bxh6 Rxh6 25. h4 Rf8 26. Rxb7 Kxe5
27. Rg5+ Rf5 28. Rc7 Kf4 29. Rxc5 Rxc5 30. Rxc5 Kf3 31. Ra5 Nf4 32. Kc2 Rxh4
33. Rxa6 e5 34. Nd1 e4 35. Rf6 Rh2 36. Kb3 Rh4 37. Nc3 Rh5 38. a4 Re5 39. Kc4
Kg4 40. b4 Nd3 41. a5 Nb2+ 42. Kb3 Nd3 43. a6 Kg5 44. Rf8 Re7 45. b5 Nf4 46.
Rxf4 Kxf4 47. Nd5+ Kf3 48. Nxe7 Kxf2 49. Nd5 e3 50. Nxe3 Kxe3 51. a7 1-0

[Event "EOC-ch-Final 2021"]
[Site "Online"]
[Date "2021.03.30"]
[Round "4.8"]
[White "Sharafiev, Azat"]
[Black "Navara, David"]
[Result "0-1"]
[WhiteElo "2432"]
[BlackElo "2697"]
[PlyCount "78"]
[EventDate "2021.03.30"]
[EventType "team-tourn"]
[EventCountry "NET"]
[SourceTitle "playchess.com"]
[Source "ChessBase"]
[SourceQuality "1"]

1. d4 Nf6 2. Nf3 e6 3. Bg5 c5 4. e3 h6 5. Bh4 b6 6. c3 Be7 7. Nbd2 O-O 8. Bd3
Ba6 9. Bxa6 Nxa6 10. O-O Re8 11. Qe2 Nc7 12. e4 d5 13. e5 Nd7 14. Bxe7 Qxe7 15.
Rfe1 b5 16. dxc5 Nxc5 17. Nd4 a5 18. b4 axb4 19. cxb4 Na4 20. a3 Qd7 21. N2b3
Nb6 22. Nc5 Qe7 23. Nc6 Qg5 24. Nb7 Nc4 25. Nd6 Rf8 26. a4 Rxa4 27. Rxa4 bxa4
28. Nxc4 dxc4 29. Qxc4 Nd5 30. Qa6 Qd2 31. Rf1 Nc3 32. b5 Qd3 33. Ra1 Qe2 34.
Rf1 Qxb5 35. Qxb5 Nxb5 36. Rb1 Nc3 37. Ra1 Ra8 38. Nd4 a3 39. Nc2 a2 0-1

[Event "EOC-ch-Final 2021"]
[Site "Online"]
[Date "2021.03.30"]
[Round "4.9"]
[White "Guseinov, Gadir"]
[Black "Grandelius, Nils"]
[Result "1-0"]
[WhiteElo "2665"]
[BlackElo "2663"]
[PlyCount "69"]
[EventDate "2021.03.30"]
[EventType "team-tourn"]
[EventCountry "NET"]
[SourceTitle "playchess.com"]
[Source "ChessBase"]
[SourceQuality "1"]

1. e4 c5 2. Nc3 e6 3. Nf3 a6 4. d4 cxd4 5. Nxd4 d6 6. g3 Bd7 7. Bg2 Nc6 8. O-O
Be7 9. Nxc6 Bxc6 10. a4 Nf6 11. Be3 O-O 12. a5 Nd7 13. Na4 f5 14. Nb6 Nxb6 15.
Bxb6 Qe8 16. Re1 f4 17. c4 Qf7 18. Ra3 Bd8 19. Qd2 Bxb6 20. axb6 Rad8 21. Rd3
e5 22. c5 Bb5 23. Rxd6 Rxd6 24. cxd6 Qe6 25. f3 Rd8 26. Rd1 fxg3 27. hxg3 Kf7
28. Kh2 Ba4 29. Bh3 Qb3 30. Rc1 Bc6 31. Rc5 Qxf3 32. Rxe5 Bxe4 33. Qe1 Bc6 34.
Rf5+ Qxf5 35. Qe7+ 1-0

[Event "EOC-ch-Final 2021"]
[Site "Online"]
[Date "2021.03.30"]
[Round "4.10"]
[White "Engel, Luis"]
[Black "Abasov, Nijat"]
[Result "1/2-1/2"]
[WhiteElo "2553"]
[BlackElo "2664"]
[PlyCount "77"]
[EventDate "2021.03.30"]
[EventType "team-tourn"]
[EventCountry "NET"]
[SourceTitle "playchess.com"]
[Source "ChessBase"]
[SourceQuality "1"]

1. e4 c5 2. Nf3 e6 3. d4 cxd4 4. Nxd4 Nc6 5. Nc3 Nf6 6. Nxc6 bxc6 7. e5 Nd5 8.
Ne4 Qc7 9. f4 Rb8 10. Bd3 Qb6 11. a3 Be7 12. c4 f5 13. Nf2 Nc7 14. Qh5+ g6 15.
Qf3 a5 16. Rb1 Na6 17. h4 h5 18. Be3 Qb3 19. Qg3 Kf7 20. O-O Nc5 21. Bxc5 Bxc5
22. Kh2 Qa2 23. Ne4 fxe4 24. Bxe4 Rg8 25. Qg5 Be7 26. Qh6 Qxc4 27. Qh7+ Rg7 28.
Bxg6+ Kf8 29. Qh8+ Rg8 30. Qh6+ Rg7 31. Rbc1 Qd4 32. Rcd1 Qc4 33. Qh8+ Rg8 34.
Qxh5 Rxb2 35. Qh6+ Rg7 36. Qh8+ Rg8 37. Qh6+ Rg7 38. Qh8+ Rg8 39. Qh6+ 1/2-1/2

[Event "EOC-ch-Final 2021"]
[Site "Online"]
[Date "2021.03.30"]
[Round "4.11"]
[White "Durarbayli, Vasif"]
[Black "Heinemann, Thies"]
[Result "1-0"]
[WhiteElo "2606"]
[BlackElo "2502"]
[PlyCount "107"]
[EventDate "2021.03.30"]
[EventType "team-tourn"]
[EventCountry "NET"]
[SourceTitle "playchess.com"]
[Source "ChessBase"]
[SourceQuality "1"]

1. e4 c5 2. Nf3 d6 3. d4 cxd4 4. Nxd4 Nf6 5. Nc3 a6 6. g3 e5 7. Nb3 Be7 8. Bg5
Nbd7 9. a4 O-O 10. Bc4 Nb6 11. Bxf6 Nxc4 12. Bxe7 Qxe7 13. Nd5 Qd8 14. Qd3 Nb6
15. Ne3 Be6 16. a5 Nc8 17. O-O Qc7 18. f4 exf4 19. gxf4 Bxb3 20. cxb3 Ne7 21.
Kh1 f6 22. Rac1 Qxa5 23. Qxd6 Rf7 24. Qe6 Qd8 25. Nc4 Qc8 26. Qxf7+ Kxf7 27.
Nd6+ Ke6 28. Nxc8 Rxc8 29. Rxc8 Nxc8 30. Kg2 Ne7 31. Kf3 Nc6 32. Rd1 g6 33. h4
Ke7 34. h5 Na5 35. Rc1 Kd7 36. hxg6 hxg6 37. Rg1 g5 38. fxg5 fxg5 39. Rxg5 Nxb3
40. Kf4 Kc6 41. Rd5 a5 42. Rd3 Nc5 43. Rc3 b5 44. e5 b4 45. Rc1 Kd5 46. Kf5 a4
47. Rc2 Nb3 48. Kf6 Nd4 49. Rc8 Nc6 50. e6 a3 51. bxa3 b3 52. Rxc6 Kxc6 53. e7
b2 54. e8=Q+ 1-0

[Event "EOC-ch-Final 2021"]
[Site "Online"]
[Date "2021.03.30"]
[Round "4.12"]
[White "Kramer, Julian"]
[Black "Safarli, Eltaj"]
[Result "0-1"]
[WhiteElo "2419"]
[BlackElo "2598"]
[PlyCount "48"]
[EventDate "2021.03.30"]
[EventType "team-tourn"]
[EventCountry "NET"]
[SourceTitle "playchess.com"]
[Source "ChessBase"]
[SourceQuality "1"]

1. e4 c5 2. Nf3 Nc6 3. Bb5 d6 4. O-O Bd7 5. Re1 Nf6 6. c3 a6 7. Bf1 Bg4 8. d4
cxd4 9. cxd4 e5 10. Be3 Be7 11. d5 Nb8 12. h3 Bh5 13. Nbd2 Nbd7 14. Qb3 Bxf3
15. gxf3 O-O 16. Qxb7 Nh5 17. Rac1 Nc5 18. Qb4 Bg5 19. Qa3 Bxe3 20. fxe3 f5 21.
b4 fxe4 22. fxe4 Qh4 23. Bg2 Rf2 24. Nf1 Raf8 0-1

[Event "EOC-ch-Final 2021"]
[Site "Online"]
[Date "2021.03.30"]
[Round "4.13"]
[White "Van Foreest, Jorden"]
[Black "Bluebaum, Matthias"]
[Result "1-0"]
[WhiteElo "2671"]
[BlackElo "2670"]
[PlyCount "89"]
[EventDate "2021.03.30"]
[EventType "team-tourn"]
[EventCountry "NET"]
[SourceTitle "playchess.com"]
[Source "ChessBase"]
[SourceQuality "1"]

1. d4 d5 2. c4 e6 3. Nc3 Nf6 4. cxd5 exd5 5. Bg5 c6 6. e3 h6 7. Bh4 Be7 8. Bd3
O-O 9. Nge2 Re8 10. O-O a5 11. f3 b5 12. Bf2 Nbd7 13. Rc1 Nb6 14. Ng3 Bd7 15.
h3 Rc8 16. e4 dxe4 17. fxe4 Be6 18. b3 Rc7 19. d5 Rd7 20. Qe2 Bxd5 21. exd5 Ba3
22. Nce4 Nxe4 23. Bxe4 cxd5 24. Rc6 Nc8 25. Qg4 dxe4 26. Nh5 f5 27. Qxf5 Bb2
28. Bh4 Qxh4 29. Qxd7 Qd8 30. Qf7+ Kh8 31. Rg6 Re7 32. Qf8+ Qxf8 33. Rxf8+ Kh7
34. Nf4 Nb6 35. Kf1 Nd7 36. Rf5 Nf6 37. Rg3 Be5 38. Ng6 Bxg3 39. Nxe7 Bd6 40.
Nd5 Kg6 41. g4 Nd7 42. Nc3 Be5 43. Nxe4 b4 44. Nc5 Nxc5 45. Rxe5 1-0

[Event "EOC-ch-Final 2021"]
[Site "Online"]
[Date "2021.03.30"]
[Round "4.14"]
[White "Donchenko, Alexander"]
[Black "Maghsoodloo, Parham"]
[Result "1-0"]
[WhiteElo "2678"]
[BlackElo "2676"]
[PlyCount "59"]
[EventDate "2021.03.30"]
[EventType "team-tourn"]
[EventCountry "NET"]
[SourceTitle "playchess.com"]
[Source "ChessBase"]
[SourceQuality "1"]

1. c4 e6 2. Nc3 d5 3. d4 Bb4 4. e3 Ne7 5. a3 Bxc3+ 6. bxc3 b6 7. cxd5 exd5 8.
Bd3 Bf5 9. Be2 c5 10. Nf3 Nbc6 11. O-O O-O 12. a4 Na5 13. Ne5 Qc7 14. f3 Rfd8
15. Kh1 c4 16. Ba3 f6 17. Ng4 Bxg4 18. fxg4 Ng6 19. g5 fxg5 20. Bg4 Re8 21. Qf3
Rad8 22. Rae1 Nb3 23. Rf2 Kh8 24. Qf5 Qc6 25. Ref1 Qxa4 26. Bf8 Nf4 27. Bxg7+
Kxg7 28. Qxg5+ Kh8 29. Qf6+ Kg8 30. Rxf4 1-0

[Event "EOC-ch-Final 2021"]
[Site "Online"]
[Date "2021.03.30"]
[Round "4.15"]
[White "Amin, Bassem"]
[Black "Meier, Georg"]
[Result "1/2-1/2"]
[WhiteElo "2695"]
[BlackElo "2628"]
[PlyCount "131"]
[EventDate "2021.03.30"]
[EventType "team-tourn"]
[EventCountry "NET"]
[SourceTitle "playchess.com"]
[Source "ChessBase"]
[SourceQuality "1"]

1. e4 e6 2. d3 d5 3. Nd2 Nf6 4. Ngf3 c5 5. g3 Nc6 6. Bg2 Be7 7. O-O O-O 8. Re1
Qc7 9. c3 h6 10. e5 Nh7 11. d4 b6 12. Bf1 a5 13. Bd3 Ba6 14. Bb1 cxd4 15. cxd4
Nb4 16. Re3 Rfc8 17. Rc3 Qd7 18. Nf1 Qb5 19. Be3 Qe2 20. Qxe2 Bxe2 21. N1d2 a4
22. Ne1 Nf8 23. f4 Bg4 24. a3 Rxc3 25. bxc3 Nc6 26. c4 dxc4 27. Be4 Rc8 28.
Nxc4 Nd7 29. Rc1 Nxd4 30. Bxd4 b5 31. Rc3 Rxc4 32. Rxc4 bxc4 33. Bc6 Nc5 34.
Kf2 Nb3 35. Bb2 Bc5+ 36. Kg2 Nd2 37. Bxa4 Nb1 38. Bb5 c3 39. Bc1 Bxa3 40. Bd3
Bxc1 41. Bxb1 Be3 42. Nf3 g5 43. fxg5 hxg5 44. h3 Bf5 45. Bxf5 exf5 46. Ne1 Bd4
47. Kf3 Bxe5 48. g4 f4 49. Ke4 f6 50. Kd3 Kf7 51. Nf3 Ke6 52. h4 gxh4 53. Nxh4
Kd5 54. Nf3 c2 55. Kxc2 Ke4 56. Nd2+ Ke3 57. Nc4+ Ke2 58. Nxe5 f3 59. Nc4 f2
60. Nd2 Ke3 61. Kd1 Kf4 62. Ke2 Kxg4 63. Kxf2 f5 64. Nc4 f4 65. Nd2 f3 66. Nxf3
1/2-1/2

[Event "EOC-ch-Final 2021"]
[Site "Online"]
[Date "2021.03.30"]
[Round "4.16"]
[White "Keymer, Vincent"]
[Black "Van Wely, Loek"]
[Result "1-0"]
[WhiteElo "2591"]
[BlackElo "2620"]
[PlyCount "101"]
[EventDate "2021.03.30"]
[EventType "team-tourn"]
[EventCountry "NET"]
[SourceTitle "playchess.com"]
[Source "ChessBase"]
[SourceQuality "1"]

1. Nf3 Nf6 2. c4 c6 3. d4 d5 4. e3 Bg4 5. cxd5 Bxf3 6. Qxf3 cxd5 7. Nc3 e6 8.
Bd3 Nc6 9. O-O Bd6 10. Bd2 O-O 11. Qh3 Rc8 12. g4 g6 13. f4 Qb6 14. Na4 Qd8 15.
Nc3 Qb6 16. Rf2 Nb4 17. Bf1 Kg7 18. f5 exf5 19. gxf5 Rce8 20. e4 Nxe4 21. Nxe4
Rxe4 22. Bh6+ Kg8 23. fxg6 hxg6 24. Bxf8 Bxf8 25. Bg2 Qxd4 26. Bxe4 dxe4 27.
Qc3 Bc5 28. Qxd4 Bxd4 29. Kf1 Bxf2 30. Kxf2 f5 31. a3 Nd3+ 32. Ke3 Kf7 33. h4
Kf6 34. Kd4 Ne5 35. Rc1 Nf3+ 36. Ke3 Nxh4 37. Rc7 Ke5 38. Re7+ Kd5 39. Rxb7 g5
40. Rb5+ Ke6 41. Ra5 Ng2+ 42. Kf2 Nf4 43. Rxa7 Nd3+ 44. Ke3 Nxb2 45. Kd4 g4 46.
a4 g3 47. a5 Kd6 48. a6 Kc6 49. Rg7 Na4 50. a7 Nb6 51. Rg6+ 1-0

[Event "EOC-ch-Final 2021"]
[Site "Online"]
[Date "2021.03.30"]
[Round "4.17"]
[White "Goryachkina, Aleksandra"]
[Black "Fedoseev, Vladimir"]
[Result "0-1"]
[WhiteElo "2593"]
[BlackElo "2687"]
[PlyCount "130"]
[EventDate "2021.03.30"]
[EventType "team-tourn"]
[EventCountry "NET"]
[SourceTitle "playchess.com"]
[Source "ChessBase"]
[SourceQuality "1"]

1. Nf3 Nf6 2. c4 e6 3. Nc3 d5 4. d4 dxc4 5. e3 a6 6. a4 b6 7. Bxc4 Bb7 8. O-O
Nbd7 9. Qe2 Bb4 10. Rd1 O-O 11. Bd2 Qe7 12. Rac1 Rfc8 13. Be1 c5 14. d5 Bxc3
15. d6 Qf8 16. Bxc3 Ne4 17. Bd3 Nxc3 18. Rxc3 Rd8 19. Rc2 g6 20. Rcd2 Qg7 21.
Ng5 Nf6 22. e4 h6 23. Nf3 Nd7 24. Bc4 g5 25. Ne1 Ne5 26. Nc2 Rd7 27. b3 g4 28.
Kf1 Qg5 29. Qe3 Qxe3 30. Nxe3 Bxe4 31. Be2 h5 32. Nc4 Nxc4 33. Bxc4 Bc6 34. g3
Kg7 35. Ke1 Kf6 36. Be2 Bd5 37. Bc4 Bb7 38. Be2 Rad8 39. Bc4 Bf3 40. Rc1 Rxd6
41. Rxd6 Rxd6 42. Bxa6 Rd4 43. Bc4 Ke7 44. Kf1 Kd6 45. Be2 Bd5 46. Rc3 f5 47.
Ke1 e5 48. Bd1 Ke6 49. a5 Kd6 50. axb6 Rb4 51. Bc2 Be6 52. Rd3+ Kc6 53. Rd8
Rxb6 54. Re8 Kd5 55. Rd8+ Rd6 56. Rf8 e4 57. Kd2 Kd4 58. Rh8 Ra6 59. Rd8+ Bd5
60. Kc1 Rf6 61. Kd2 f4 62. gxf4 Rxf4 63. Ke2 Rf3 64. Rd7 Rh3 65. b4 cxb4 0-1

[Event "EOC-ch-Final 2021"]
[Site "Online"]
[Date "2021.03.30"]
[Round "4.18"]
[White "Matlakov, Maxim"]
[Black "Cramling, Pia"]
[Result "1-0"]
[WhiteElo "2688"]
[BlackElo "2459"]
[PlyCount "47"]
[EventDate "2021.03.30"]
[EventType "team-tourn"]
[EventCountry "NET"]
[SourceTitle "playchess.com"]
[Source "ChessBase"]
[SourceQuality "1"]

1. d4 Nf6 2. Nc3 d5 3. Bf4 a6 4. e3 Bf5 5. Bd3 e6 6. Bxf5 exf5 7. Qf3 Bb4 8.
Bg5 Nbd7 9. Qxf5 O-O 10. Nge2 c6 11. O-O Qb6 12. Rab1 Rfe8 13. a3 Bf8 14. Rfe1
a5 15. Qd3 a4 16. Ng3 Qa5 17. Bf4 Rac8 18. h3 Nb6 19. e4 dxe4 20. Ncxe4 Nxe4
21. Nxe4 Qd5 22. Be5 c5 23. Nf6+ gxf6 24. Qg3+ 1-0

[Event "EOC-ch-Final 2021"]
[Site "Online"]
[Date "2021.03.30"]
[Round "4.19"]
[White "Paehtz, Elisabeth"]
[Black "Vitiugov, Nikita"]
[Result "0-1"]
[WhiteElo "2467"]
[BlackElo "2715"]
[PlyCount "96"]
[EventDate "2021.03.30"]
[EventType "team-tourn"]
[EventCountry "NET"]
[SourceTitle "playchess.com"]
[Source "ChessBase"]
[SourceQuality "1"]

1. d4 Nf6 2. Nf3 g6 3. Bg5 Bg7 4. Nbd2 O-O 5. c3 h6 6. Bh4 d6 7. e3 b6 8. Be2
Bb7 9. O-O Nbd7 10. a4 a6 11. Qc2 e6 12. Ne1 e5 13. dxe5 dxe5 14. e4 Nc5 15. f3
a5 16. Nc4 Qe8 17. Bf2 Qe7 18. Ne3 Nh5 19. Bc4 Nf4 20. b4 Nce6 21. Bxe6 Qxe6
22. Nd3 Rfd8 23. Nb2 Rd7 24. Rfd1 Rad8 25. Rxd7 Rxd7 26. bxa5 bxa5 27. Rd1 Ba6
28. c4 c6 29. Rxd7 Qxd7 30. Qd1 Qb7 31. Nd3 Qe7 32. g3 Ne6 33. Kg2 h5 34. Qb3
Qc7 35. Qc3 Nd4 36. Be1 Bc8 37. Qxa5 Qd7 38. Nf2 Kh7 39. Qc3 Qd8 40. Nc2 Qf6
41. Nxd4 exd4 42. Qb2 Qe6 43. Qb4 Ba6 44. c5 Qa2 45. Bd2 Qa1 46. Be1 Qc1 47.
Qa5 Qc4 48. f4 Qf1+ 0-1

[Event "EOC-ch-Final 2021"]
[Site "Online"]
[Date "2021.03.30"]
[Round "4.20"]
[White "Shimanov, Aleksandr"]
[Black "Socko, Monika"]
[Result "1-0"]
[WhiteElo "2597"]
[BlackElo "2421"]
[PlyCount "117"]
[EventDate "2021.03.30"]
[EventType "team-tourn"]
[EventCountry "NET"]
[SourceTitle "playchess.com"]
[Source "ChessBase"]
[SourceQuality "1"]

1. d4 Nf6 2. Bf4 g6 3. Nc3 Bg7 4. e4 d6 5. Qd2 a6 6. O-O-O b5 7. f3 Bb7 8. h4
h5 9. Nh3 b4 10. Ne2 a5 11. Ng5 Nc6 12. Kb1 O-O 13. d5 Ne5 14. Nd4 c5 15. dxc6
Nxc6 16. Be3 Nxd4 17. Bxd4 Qc7 18. Bd3 e5 19. Bf2 d5 20. Qe2 a4 21. Be1 b3 22.
cxb3 axb3 23. a3 dxe4 24. fxe4 Rfd8 25. Rf1 Rxd3 26. Qxd3 Ba6 27. Qc3 Qxc3 28.
Bxc3 Bxf1 29. Rxf1 Re8 30. Kc1 Re7 31. Rf3 Ng4 32. Bb4 Rd7 33. Rxb3 Bh6 34. Kb1
f6 35. Ne6 Nf2 36. Nc5 Rd1+ 37. Ka2 Bf8 38. a4 Rd4 39. a5 Nxe4 40. Ne6 Rxb4 41.
Rxb4 Bxb4 42. a6 Nc5 43. a7 Nxe6 44. a8=Q+ Bf8 45. b4 Nd4 46. b5 Kf7 47. b6 Bd6
48. Qd8 Ke6 49. Qg8+ Kf5 50. b7 Ne6 51. b8=Q Bxb8 52. Qxb8 Nf4 53. g3 Ne2 54.
Qb1+ Kg4 55. Qe4+ Nf4 56. gxf4 exf4 57. Qxg6+ Kxh4 58. Kb3 f3 59. Kc2 1-0

[Event "EOC-ch-Final 2021"]
[Site "Online"]
[Date "2021.03.30"]
[Round "5.1"]
[White "Fedoseev, Vladimir"]
[Black "Duda, Jan-Krzysztof"]
[Result "1-0"]
[WhiteElo "2687"]
[BlackElo "2743"]
[PlyCount "101"]
[EventDate "2021.03.30"]
[EventType "team-tourn"]
[EventCountry "NET"]
[SourceTitle "playchess.com"]
[Source "ChessBase"]
[SourceQuality "1"]

1. e4 c5 2. Nf3 d6 3. d4 cxd4 4. Nxd4 Nf6 5. Nc3 a6 6. Qd3 Nbd7 7. a4 Nc5 8.
Qe3 e5 9. Nb3 Nxb3 10. cxb3 d5 11. exd5 Ng4 12. Qf3 f5 13. h3 Nf6 14. g4 fxg4
15. Qg3 Bd6 16. Bg5 e4 17. Qh4 g3 18. fxg3 O-O 19. Bc4 h6 20. Bxf6 Rxf6 21.
Nxe4 g5 22. Nxf6+ Qxf6 23. Qe4 Bf5 24. O-O Bc5+ 25. Kh2 Bg1+ 26. Kxg1 Qb6+ 27.
Kh2 Bxe4 28. Rae1 Qd4 29. d6+ Kh8 30. d7 Bg6 31. Re6 b5 32. axb5 axb5 33. Bxb5
Qxb2+ 34. Re2 Qxb3 35. Bc6 Rg8 36. Ref2 Qb4 37. Rf6 Qe7 38. Bd5 Bd3 39. Rxh6+
Bh7 40. Rf7 Qe2+ 41. Bg2 Qd3 42. Re7 Rf8 43. Re8 Kg7 44. Rxf8 Qxd7 45. Rff6 Qd2
46. Rd6 Qa2 47. Rhe6 Qa7 48. Rb6 Bg8 49. Rg6+ Kh7 50. Rh6+ Kg7 51. Rbg6+ 1-0

[Event "EOC-ch-Final 2021"]
[Site "Online"]
[Date "2021.03.30"]
[Round "5.2"]
[White "Moranda, Wojciech"]
[Black "Matlakov, Maxim"]
[Result "1-0"]
[WhiteElo "2618"]
[BlackElo "2688"]
[PlyCount "177"]
[EventDate "2021.03.30"]
[EventType "team-tourn"]
[EventCountry "NET"]
[SourceTitle "playchess.com"]
[Source "ChessBase"]
[SourceQuality "1"]

1. d4 Nf6 2. c4 g6 3. Nc3 Bg7 4. e4 d6 5. f4 c5 6. d5 O-O 7. Nf3 e6 8. Be2 exd5
9. cxd5 Nbd7 10. O-O Re8 11. Qc2 a6 12. a4 Qc7 13. Nd2 Rb8 14. Kh1 c4 15. a5
Nc5 16. Bf3 Nd3 17. Ra4 Nxc1 18. Qxc1 Bd7 19. Ra3 b5 20. axb6 Rxb6 21. Nd1 Bb5
22. Ne3 Rc8 23. Rc3 Rbb8 24. b3 Nh5 25. bxc4 Nxf4 26. Bg4 Be5 27. Bxc8 Qxc8 28.
Rb3 Bd7 29. Rxb8 Qxb8 30. Nf3 Bg7 31. Qa3 Qb6 32. Ng5 Be5 33. g3 Bh3 34. gxf4
Bxf1 35. Nxf1 Bxf4 36. Nh3 Be5 37. Kg2 a5 38. Nf2 h5 39. Nd3 Bd4 40. Nd2 Qd8
41. Nf3 Bg7 42. h4 Qd7 43. Qxa5 Qg4+ 44. Kf2 Qxe4 45. Qd8+ Bf8 46. Nc1 Qxc4 47.
Qg5 Qc7 48. Ne2 Be7 49. Qe3 Bf6 50. Qe4 Kg7 51. Nf4 Qc5+ 52. Kg3 Qc3 53. Qd3
Qa1 54. Nh3 Qc1 55. Nhg5 Qa1 56. Ne4 Bb2 57. Qe3 Be5+ 58. Kg2 Qb2+ 59. Qf2 Qb4
60. Qe2 Bf4 61. Nf2 Qc3 62. Qd3 Qa1 63. Qd4+ Qxd4 64. Nxd4 Kf6 65. Kf3 Bh6 66.
Ke4 Ke7 67. Nd3 Bg7 68. Nf3 Bf6 69. Nf4 Bc3 70. Kd3 Bf6 71. Nh3 Bb2 72. Nhg5
Bc1 73. Ne4 Bf4 74. Kc4 Kd7 75. Kb5 Ke7 76. Kc6 f6 77. Kc7 Be3 78. Kc6 Bf4 79.
Nd4 g5 80. Nf5+ Kf7 81. Nexd6+ Kg6 82. Ne7+ Kg7 83. Kd7 g4 84. Ne4 Kf7 85. Nf5
Be5 86. d6 Bf4 87. Neg3 Be5 88. Nxh5 Kg6 89. Nhg3 1-0

[Event "EOC-ch-Final 2021"]
[Site "Online"]
[Date "2021.03.30"]
[Round "5.3"]
[White "Vitiugov, Nikita"]
[Black "Socko, Bartosz"]
[Result "1/2-1/2"]
[WhiteElo "2715"]
[BlackElo "2618"]
[PlyCount "48"]
[EventDate "2021.03.30"]
[EventType "team-tourn"]
[EventCountry "NET"]
[SourceTitle "playchess.com"]
[Source "ChessBase"]
[SourceQuality "1"]

1. d4 Nf6 2. c4 e6 3. g3 Bb4+ 4. Nd2 d5 5. Bg2 O-O 6. Ngf3 dxc4 7. Qc2 b5 8. a4
bxa4 9. O-O Bb7 10. Nxc4 Nbd7 11. Rxa4 a5 12. Bd2 Be4 13. Qc1 c5 14. dxc5 Nxc5
15. Bxb4 Nxa4 16. Bxf8 Qxf8 17. b3 Nc5 18. Qa3 Rb8 19. Nxa5 Nxb3 20. Qxf8+ Kxf8
21. Nxb3 Bxf3 22. Bxf3 Rxb3 23. Kg2 g5 24. h3 h5 1/2-1/2

[Event "EOC-ch-Final 2021"]
[Site "Online"]
[Date "2021.03.30"]
[Round "5.4"]
[White "Tomczak, Jacek"]
[Black "Esipenko, Andrey"]
[Result "1/2-1/2"]
[WhiteElo "2610"]
[BlackElo "2677"]
[PlyCount "56"]
[EventDate "2021.03.30"]
[EventType "team-tourn"]
[EventCountry "NET"]
[SourceTitle "playchess.com"]
[Source "ChessBase"]
[SourceQuality "1"]

1. e4 e5 2. Nf3 Nf6 3. d4 Nxe4 4. Bd3 d5 5. Nxe5 Nd7 6. Nc3 Nxc3 7. bxc3 c5 8.
O-O Nxe5 9. dxe5 Be7 10. Qh5 g6 11. Qh6 Bf8 12. Qe3 a6 13. c4 dxc4 14. Bxc4 Be6
15. Bxe6 fxe6 16. Qf3 Qc7 17. Qf6 Bg7 18. Qxe6+ Qe7 19. Qxe7+ Kxe7 20. Be3 Bxe5
21. Bxc5+ Kf6 22. Rab1 Rhc8 23. Rb6+ Kf5 24. Be3 Rxc2 25. f3 h5 26. a4 Rd8 27.
Rb4 Rd3 28. Re1 Rb2 1/2-1/2

[Event "EOC-ch-Final 2021"]
[Site "Online"]
[Date "2021.03.30"]
[Round "5.5"]
[White "Meier, Georg"]
[Black "Goryachkina, Aleksandra"]
[Result "1-0"]
[WhiteElo "2628"]
[BlackElo "2593"]
[PlyCount "61"]
[EventDate "2021.03.30"]
[EventType "team-tourn"]
[EventCountry "NET"]
[SourceTitle "playchess.com"]
[Source "ChessBase"]
[SourceQuality "1"]

1. Nf3 d5 2. g3 c6 3. Bg2 Bg4 4. h3 Bxf3 5. Bxf3 e5 6. d3 Nf6 7. e4 Bc5 8. O-O
O-O 9. Nc3 h6 10. h4 a5 11. Bg2 Na6 12. Bd2 Nc7 13. Qf3 Ne6 14. Rae1 Re8 15.
Qd1 dxe4 16. Nxe4 Nxe4 17. Rxe4 Qf6 18. Qf3 Qxf3 19. Bxf3 f6 20. Kg2 Bd4 21.
Rb1 Kf8 22. Bh5 Red8 23. Bg6 Bb6 24. f4 Nc5 25. Re2 Bc7 26. Rbe1 Ne6 27. c3 Nc5
28. d4 exd4 29. cxd4 Na4 30. Re7 Bd6 31. Rxb7 1-0

[Event "EOC-ch-Final 2021"]
[Site "Online"]
[Date "2021.03.30"]
[Round "5.6"]
[White "Cramling, Pia"]
[Black "Heimann, Andreas"]
[Result "1/2-1/2"]
[WhiteElo "2459"]
[BlackElo "2606"]
[PlyCount "107"]
[EventDate "2021.03.30"]
[EventType "team-tourn"]
[EventCountry "NET"]
[SourceTitle "playchess.com"]
[Source "ChessBase"]
[SourceQuality "1"]

1. d4 Nf6 2. c4 e6 3. Nf3 d5 4. Nc3 Bb4 5. Qb3 c5 6. dxc5 Nc6 7. Bg5 Qa5 8.
Bxf6 dxc4 9. Qxc4 gxf6 10. Rc1 Qxc5 11. e3 Qxc4 12. Bxc4 Bd7 13. Ke2 Rc8 14.
Ne4 Be7 15. Bd3 Nb4 16. Rxc8+ Bxc8 17. Bc4 f5 18. Nc3 Bf6 19. Rc1 Ke7 20. a3
Nc6 21. Rc2 Bd7 22. Bd3 Rc8 23. Na4 b6 24. Kd2 Rd8 25. Ke2 Nb4 26. axb4 Bxa4
27. Rc7+ Rd7 28. Rxd7+ Bxd7 29. b3 Bc3 30. b5 h6 31. Bc4 Kd6 32. Kd3 Bb4 33.
Kc2 e5 34. Bxf7 Bxb5 35. Nh4 Ke7 36. Bd5 Kf6 37. f4 e4 38. g3 Bf1 39. Bb7 Bh3
40. Bc8 a5 41. Bd7 Be1 42. Kc1 Bb4 43. Kc2 Bg4 44. Kc1 Be1 45. Kc2 Bb4 46. Kc1
Bf8 47. Kc2 Bc5 48. Kd2 Ba3 49. Kc2 Be7 50. Kc3 Bh3 51. Kc2 Bb4 52. Kc1 Be1 53.
Kd1 Bb4 54. Kc2 1/2-1/2

[Event "EOC-ch-Final 2021"]
[Site "Online"]
[Date "2021.03.30"]
[Round "5.7"]
[White "Keymer, Vincent"]
[Black "Socko, Monika"]
[Result "1/2-1/2"]
[WhiteElo "2591"]
[BlackElo "2421"]
[PlyCount "138"]
[EventDate "2021.03.30"]
[EventType "team-tourn"]
[EventCountry "NET"]
[SourceTitle "playchess.com"]
[Source "ChessBase"]
[SourceQuality "1"]

1. d4 Nf6 2. c4 e6 3. Nf3 b6 4. g3 Bb7 5. Bg2 Be7 6. O-O O-O 7. Nc3 Ne4 8. Bd2
f5 9. Ne5 Nxc3 10. Bxc3 Bxg2 11. Kxg2 d6 12. Nd3 Qd7 13. f3 Na6 14. b4 Rae8 15.
b5 Nb8 16. a4 Bf6 17. Qc2 Qf7 18. e4 e5 19. d5 fxe4 20. fxe4 Nd7 21. a5 Qg6 22.
Qe2 Bd8 23. axb6 axb6 24. Bd2 Bg5 25. Bc3 Bd8 26. Rae1 Rf6 27. Rxf6 Nxf6 28.
Bd2 Rf8 29. Nf2 h5 30. Rf1 Nd7 31. Nh3 Rxf1 32. Kxf1 Nc5 33. Nf2 Bg5 34. Bb4
Nd7 35. Qf3 Nf6 36. Ke2 Bc1 37. Bc3 Kh7 38. h3 Ba3 39. Kd3 Bc5 40. Nd1 Bg1 41.
Ne3 Bxe3 42. Qxe3 Nd7 43. Bb4 Nf6 44. Qf3 Kg8 45. Bd2 Nd7 46. Be3 Nf6 47. h4
Qg4 48. Qxg4 hxg4 49. Bg5 Kf7 50. h5 Ne8 51. Bd8 Kg8 52. Ke3 Kh7 53. Bg5 Nf6
54. h6 Ne8 55. hxg7 Kxg7 56. Bd8 Kg6 57. Kd2 Kf7 58. Kc3 Kf8 59. Kc2 Kf7 60.
Kd3 Kf8 61. Kc3 Kf7 62. Kd3 Kf8 63. Ke2 Kf7 64. Ke3 Kf8 65. Kd3 Kf7 66. Kc2 Kf8
67. Kb3 Kf7 68. Kc3 Kf8 69. Kd3 Kf7 1/2-1/2